<?xml version="1.0" encoding="UTF-8"?>
<marc:record xmlns:marc="http://www.loc.gov/MARC21/slim">
   <marc:leader>00000nam a2200000 a 4500</marc:leader>
   <marc:datafield ind1=" " ind2=" " tag="653">
      <marc:subfield code="a">Fantasy</marc:subfield>
   </marc:datafield>
   <marc:datafield ind1=" " ind2=" " tag="653">
      <marc:subfield code="a">DVD-Video</marc:subfield>
   </marc:datafield>
   <marc:datafield ind1=" " ind2=" " tag="653">
      <marc:subfield code="a">Literaturverfilmung</marc:subfield>
   </marc:datafield>
   <marc:datafield ind1="0" ind2="0" tag="245">
      <marc:subfield code="a">Die unendliche Geschichte III</marc:subfield>
   </marc:datafield>
   <marc:datafield ind1=" " ind2="1" tag="264">
      <marc:subfield code="b">Universum Film GmbH</marc:subfield>
      <marc:subfield code="c">2012</marc:subfield>
   </marc:datafield>
   <marc:datafield ind1="1" ind2=" " tag="520">
      <marc:subfield code="a">Darsteller: Jason James Richter, Melody Kay, Jack Black, Freddie Jones
Regisseur(e): Peter MacDonald
Auf Bastians neuer Schule regiert die Jugendbande "Nasties", die ihn gleich am ersten Schultag als neues Opfer erkoren hat. Als man ihm nachjagt, flüchtet er sich in die Schulbibliothek. Dort trifft er nicht nur Herrn Koriander wieder, sondern findet auch das Buch "Die unendliche Geschichte". Um den Nasties zu entkommen, wünscht er sich ins Reich Phantasien. Leider läßt er das Buch zurück und die Nasties nehmen es in Besitz. Sie haben nun buchstäblich das Schicksal Phantasiens in der Hand</marc:subfield>
   </marc:datafield>
   <marc:datafield ind1="3" ind2=" " tag="024">
      <marc:subfield code="a">887254784593</marc:subfield>
   </marc:datafield>
</marc:record>
